000 00318nam a22001337a 4500
008 181102b xxu||||| |||| 00| 0 eng d
020 _a9780534086947
041 _aeng
080 _23 th
_a370
100 _a48
101 _aEDU
245 _aSelected Issues Logic And Communication
_cTrudy.G
942 _2udc
_cBK
999 _c51624
_d51624